| 000 | 00548nam a2200193Ia 4500 | ||
|---|---|---|---|
| 008 | 191130s2009##################000#0#eng## | ||
| 020 | _a9780415483131 | ||
| 040 |
_aACL _cACL |
||
| 082 | _a351.4 CUR | ||
| 245 |
_aTowards a new executive order in Europe? _cedited by Deirdre Curtin and Morten Egeberg |
||
| 260 |
_aNew York _bRoutledge _c2009 |
||
| 300 | _a223p. | ||
| 650 | _aEuropean politics | ||
| 700 | _aCurtin, Deirdre | ||
| 700 | _aEgeberg, Morten | ||
| 990 | _a58826de2ac10000c53bc223631573704 | ||
| 991 | _a440697 | ||
| 999 |
_c81173 _d81173 |
||